[Event "HUN-chT2 Breyer 1617"]
[Site "Hungary"]
[Date "2017.02.26"]
[Round "7.9"]
[White "Csordas, David"]
[Black "Szinavel, Zsolt"]
[Result "1/2-1/2"]
[WhiteElo "2075"]
[BlackElo "2074"]
[PlyCount "78"]
[EventDate "2016.10.30"]
[EventType "team-tourn"]
[EventRounds "9"]
[EventCountry "HUN"]
[SourceTitle "EXT 2021"]
[Source "ChessBase"]
[SourceDate "2020.10.23"]
[SourceVersion "1"]
[SourceVersionDate "2020.10.23"]
[SourceQuality "1"]
[WhiteTeam "Naszaly Geniusz Tata"]
[BlackTeam "Kisber Aszar"]
[WhiteTeamCountry "HUN"]
[BlackTeamCountry "HUN"]

1. e4 g6 2. d4 c5 3. Nf3 Bg7 4. dxc5 Qc7 5. c3 Qxc5 6. Na3 Nf6 7. Bd3 0-0 8. Be3 Qa5 9. Nd4 Nc6 10. Nc4 Qd8 11. 0-0 d6 12. Nxc6 bxc6 13. e5 Nd5 14. exd6 exd6 15. Bd2 Qc7 16. Qf3 Be6 17. Rfe1 Rab8 18. Rab1 Rfd8 19. h3 Nb6 20. Nxb6 Qxb6 21. b3 Qa5 22. Qxc6 Qxa2 23. Bg5 Rdc8 24. Qxd6 Rb6 25. Qe7 Bxc3 26. Red1 Rxb3 27. Rbc1 Qa3 28. Ba6 Qxe7 29. Bxe7 Re8 30. Bc5 Ba5 31. Rb1 Bc7 32. Rxb3 Bxb3 33. Rb1 Bd5 34. Bxa7 Ra8 35. Bb7 Rxa7 36. Bxd5 Be5 37. g3 Ra1 38. Rxa1 Bxa1 39. Kg2 Kg7 1/2-1/2

[Event "HUN-chT2 Breyer 1617"]
[Site "Hungary"]
[Date "2017.02.12"]
[Round "6.7"]
[White "Imre, Jozsef"]
[Black "Csordas, David"]
[Result "0-1"]
[WhiteElo "2063"]
[BlackElo "2075"]
[PlyCount "100"]
[EventDate "2016.10.30"]
[EventType "team-tourn"]
[EventRounds "9"]
[EventCountry "HUN"]
[SourceTitle "EXT 2021"]
[Source "ChessBase"]
[SourceDate "2020.10.23"]
[SourceVersion "1"]
[SourceVersionDate "2020.10.23"]
[SourceQuality "1"]
[WhiteTeam "Vizugy"]
[BlackTeam "Naszaly Geniusz Tata"]
[WhiteTeamCountry "HUN"]
[BlackTeamCountry "HUN"]

1. e4 c5 2. Nf3 Nc6 3. d4 cxd4 4. Nxd4 Nf6 5. Nc3 e5 6. Ndb5 d6 7. Bg5 a6 8. Na3 b5 9. Nd5 Be7 10. Bxf6 Bxf6 11. Nxf6+ Qxf6 12. c4 b4 13. Nc2 0-0 14. Be2 Qg6 15. 0-0 Bb7 16. Bf3 a5 17. b3 Kh8 18. Qd2 Rad8 19. Rad1 Rd7 20. Rfe1 Ne7 21. Ne3 Rfd8 22. Qd3 Qg5 23. Bg4 Rc7 24. Bh3 Ng6 25. Nf5 Nf4 26. Qg3 Qf6 27. Qe3 g6 28. Nh6 Qg7 29. Ng4 h5 30. Qb6 Rcd7 31. Ne3 Nxh3+ 32. gxh3 Bxe4 33. Nd5 Bf5 34. Re3 Ra8 35. Nc7 Rc8 36. Nb5 a4 37. Nxd6 Qf6 38. c5 axb3 39. axb3 Qg5+ 40. Kh1 Qf4 41. Rde1 Ra8 42. Qc6 Ra2 43. Rf3 Qd2 44. Rg1 Be6 45. Nxf7+ Bxf7 46. Rxg6 Qe1+ 47. Kg2 Rxf2+ 48. Rxf2 Bd5+ 49. Qxd5 Rxd5 50. Rgf6 Qe4+ 0-1

[Event "HUN-chT2 Breyer 1516"]
[Site "Hungary"]
[Date "2016.04.17"]
[Round "11.12"]
[White "Komlosi, Tibor"]
[Black "Csordas, David"]
[Result "0-1"]
[WhiteElo "1858"]
[BlackElo "2016"]
[PlyCount "82"]
[EventDate "2015.09.13"]
[EventType "team-tourn"]
[EventRounds "11"]
[EventCountry "HUN"]
[SourceTitle "EXT 2017"]
[Source "ChessBase"]
[SourceDate "2016.10.25"]
[SourceVersion "1"]
[SourceVersionDate "2016.10.25"]
[SourceQuality "1"]
[WhiteTeam "Kisber Aszar"]
[BlackTeam "Naszaly Geniusz Tata"]
[WhiteTeamCountry "HUN"]
[BlackTeamCountry "HUN"]

1. e4 c5 2. Nf3 Nc6 3. d4 cxd4 4. Nxd4 Nf6 5. Nc3 e5 6. Nb3 Bb4 7. Bd2 Bxc3 8. Bxc3 Nxe4 9. Qg4 Ng5 10. h4 Ne6 11. 0-0-0 Qf6 12. Bb5 0-0 13. Rhf1 d5 14. Qg3 d4 15. Bd2 Qg6 16. Qh2 f6 17. f3 a6 18. Bd3 Qf7 19. g4 a5 20. g5 a4 21. Na1 Nc5 22. Kb1 Nxd3 23. cxd3 Bf5 24. Qe2 Qg6 25. Be1 fxg5 26. hxg5 Qxg5 27. Nc2 Ra6 28. Nb4 Nxb4 29. Bxb4 Re8 30. Rg1 Qh6 31. Bd2 Qb6 32. Rc1 Qb5 33. Ka1 Rb6 34. Bg5 Bxd3 35. Qg2 Be2 36. Rc2 d3 37. Rd2 Rg6 38. Qf2 e4 39. Be3 Rxg1+ 40. Qxg1 exf3 41. Qf2 Rc8 0-1

[Event "HUN-chT2 Breyer 1415"]
[Site "Hungary"]
[Date "2015.03.22"]
[Round "10.10"]
[White "Csordas, David"]
[Black "Csatari, Mariann"]
[Result "0-1"]
[WhiteElo "1977"]
[BlackElo "2078"]
[PlyCount "104"]
[EventDate "2014.09.07"]
[EventType "team-tourn"]
[EventRounds "11"]
[EventCountry "HUN"]
[SourceTitle "EXT 2016"]
[Source "ChessBase"]
[SourceDate "2015.10.08"]
[SourceVersion "1"]
[SourceVersionDate "2015.10.08"]
[SourceQuality "1"]
[WhiteTeam "Geniusz Tata"]
[BlackTeam "Sarkany DSE"]
[WhiteTeamCountry "HUN"]
[BlackTeamCountry "HUN"]

1. e4 d5 2. exd5 Qxd5 3. Nc3 Qa5 4. d4 Nf6 5. Bd2 Qb6 6. Nf3 Bg4 7. h3 Bh5 8. Bd3 c6 9. 0-0 Bxf3 10. Qxf3 Qxd4 11. Rad1 e6 12. Rfe1 Be7 13. Bf4 Qb4 14. a3 Qb6 15. b4 Nd5 16. Na4 Qd8 17. Be5 Bf6 18. Bg3 Qc8 19. Nc5 0-0 20. c4 Nc3 21. Rd2 b6 22. Bxb8 bxc5 23. Be5 Bxe5 24. Rxe5 cxb4 25. axb4 Na4 26. Rh5 g6 27. Ra5 Nb6 28. h4 Qd7 29. Raa2 Qe7 30. h5 Qxb4 31. hxg6 hxg6 32. Qxc6 Rfc8 33. Qf3 Rd8 34. Qg4 Rxd3 35. Rxd3 Qb1+ 36. Qd1 Qxa2 37. Rd8+ Rxd8 38. Qxd8+ Kg7 39. Qd4+ f6 40. c5 Nd5 41. c6 Qa5 42. Qd1 Qc5 43. Qa4 g5 44. Qa6 Kg6 45. Qc8 Kf5 46. g4+ Kxg4 47. Qxe6+ f5 48. Qe2+ Kh4 49. Qb2 Qxc6 50. Qd4+ Nf4 51. Qh8+ Kg4 52. f3+ Qxf3 0-1

[Event "Tatabanya Genius Cup 2nd"]
[Site "Tatabanya"]
[Date "2014.09.06"]
[Round "5"]
[White "Balogh, Peter1111"]
[Black "Csordas, David"]
[Result "1/2-1/2"]
[WhiteElo "2079"]
[BlackElo "1861"]
[PlyCount "71"]
[EventDate "2014.08.31"]
[EventType "swiss"]
[EventRounds "6"]
[EventCountry "HUN"]
[SourceTitle "EXT 2019"]
[Source "ChessBase"]
[SourceDate "2018.10.10"]
[SourceVersion "1"]
[SourceVersionDate "2018.10.10"]
[SourceQuality "1"]

1. d4 Nf6 2. c4 g6 3. Nc3 Bg7 4. e4 d6 5. Be2 0-0 6. g4 e5 7. d5 a5 8. g5 Ne8 9. h4 f5 10. gxf6 Nxf6 11. h5 Nbd7 12. hxg6 hxg6 13. Nh3 Nc5 14. Ng5 Bd7 15. Be3 Qc8 16. Bxc5 dxc5 17. Qd3 Bg4 18. 0-0-0 Nh5 19. Bxg4 Qxg4 20. Rdg1 Qf4+ 21. Kb1 Qxf2 22. Nd1 Qf6 23. Ne6 Rf7 24. Rxh5 gxh5 25. Ne3 Kh8 26. Nf5 Bh6 27. Qh3 Rh7 28. Rf1 Qg6 29. Qh2 Qf6 30. Rf2 Bf4 31. Nxf4 exf4 32. Rxf4 Rg8 33. Rh4 Rg5 34. Qf2 Rhg7 35. Rh2 Rf7 36. Qh4 1/2-1/2

[Event "Tatabanya Genius Cup 2nd"]
[Site "Tatabanya"]
[Date "2014.09.06"]
[Round "6"]
[White "Csordas, David"]
[Black "Viczencz, Peter"]
[Result "1/2-1/2"]
[WhiteElo "1861"]
[BlackElo "1631"]
[PlyCount "62"]
[EventDate "2014.08.31"]
[EventType "swiss"]
[EventRounds "6"]
[EventCountry "HUN"]
[SourceTitle "EXT 2019"]
[Source "ChessBase"]
[SourceDate "2018.10.10"]
[SourceVersion "1"]
[SourceVersionDate "2018.10.10"]
[SourceQuality "1"]

1. e4 c5 2. Nf3 d6 3. d4 cxd4 4. Nxd4 Nf6 5. Nc3 g6 6. Be3 Bg7 7. f3 0-0 8. Qd2 Nc6 9. 0-0-0 Bd7 10. Kb1 Rc8 11. g4 Ne5 12. h4 h5 13. gxh5 Nxh5 14. Rg1 Nc4 15. Bxc4 Rxc4 16. Nb3 Bxc3 17. bxc3 Qc7 18. Rg5 Kh7 19. Rdg1 Qc8 20. Bd4 e5 21. Rxh5+ gxh5 22. Qg5 Bg4 23. Be3 Qe6 24. fxg4 Qg6 25. Qe7 Rg8 26. gxh5 Qxh5 27. Rxg8 Kxg8 28. Qd8+ Kg7 29. Qxd6 Rxc3 30. Bg5 Rc6 31. Qd2 f6 1/2-1/2

[Event "Balatonalmadi Pannonia Cup 18th"]
[Site "Balatonalmadi"]
[Date "2013.07.28"]
[Round "7"]
[White "Arvai, Eszter"]
[Black "Csordas, David"]
[Result "0-1"]
[WhiteElo "1888"]
[BlackElo "1790"]
[PlyCount "70"]
[EventDate "2013.07.24"]
[EventType "swiss"]
[EventRounds "7"]
[EventCountry "HUN"]
[SourceTitle "EXT 2016"]
[Source "ChessBase"]
[SourceDate "2015.10.08"]
[SourceVersion "1"]
[SourceVersionDate "2015.10.08"]
[SourceQuality "1"]

1. e4 c5 2. Nf3 Nc6 3. d3 g6 4. g3 Bg7 5. Bg2 e5 6. c3 Nge7 7. 0-0 0-0 8. Nbd2 h6 9. Nb3 d6 10. d4 b6 11. Be3 f5 12. exf5 gxf5 13. dxe5 dxe5 14. Qc1 Kh7 15. Rd1 Qc7 16. Qc2 Be6 17. Nc1 Ng6 18. Ne2 Rac8 19. h4 Kh8 20. h5 Nge7 21. Qc1 Kh7 22. Nh4 Nb8 23. Kh2 Bf7 24. Qc2 Bxh5 25. Bh3 Bxe2 26. Qxe2 Rcd8 27. Qc2 Rxd1 28. Rxd1 e4 29. Bf4 Be5 30. Bxf5+ Nxf5 31. Qxe4 Bxf4 32. gxf4 Qf7 33. Rd5 Qh5 34. Rxf5 Qxh4+ 35. Kg1 Qg4+ 0-1

[Event "HUN-chT2 Breyer 1112"]
[Site "Hungary"]
[Date "2012.04.22"]
[Round "9.11"]
[White "Csordas, David"]
[Black "Marosi, Levente"]
[Result "0-1"]
[WhiteElo "1668"]
[BlackElo "1932"]
[PlyCount "62"]
[EventDate "2011.09.25"]
[EventType "team-tourn"]
[EventRounds "11"]
[EventCountry "HUN"]
[SourceTitle "EXT 2013"]
[Source "ChessBase"]
[SourceDate "2012.11.22"]
[SourceVersion "1"]
[SourceVersionDate "2012.11.22"]
[SourceQuality "1"]
[WhiteTeam "MAV Elore"]
[BlackTeam "Geniusz Tata"]
[WhiteTeamCountry "HUN"]
[BlackTeamCountry "HUN"]

1. e4 c5 2. Nf3 d6 3. d4 cxd4 4. Nxd4 Nf6 5. Nc3 a6 6. f3 e5 7. Nb3 Be6 8. Be3 Nbd7 9. Nd2 Rc8 10. g4 Be7 11. Rg1 0-0 12. Qe2 b5 13. a3 Nb6 14. h4 d5 15. Bxb6 Qxb6 16. Qh2 dxe4 17. Ndxe4 Nxe4 18. fxe4 Qe3+ 19. Be2 Bxh4+ 20. Kf1 g5 21. Nd1 Qxe4 22. Nf2 Qg6 23. Qxe5 Rxc2 24. Ne4 f5 25. Nf2 fxg4 26. Rg2 g3 27. Rxg3 Bxg3 28. Qxg3 Qf6 29. Ke1 Rxe2+ 30. Kxe2 Qxb2+ 31. Ke3 Qxa1 0-1

[Event "Kisber op"]
[Site "Kisber"]
[Date "2011.07.23"]
[Round "5"]
[White "Pallag, Gyorgy"]
[Black "Csordas, David"]
[Result "0-1"]
[WhiteElo "1981"]
[BlackElo "1630"]
[PlyCount "72"]
[EventDate "2011.07.21"]
[EventType "swiss"]
[EventRounds "7"]
[EventCountry "HUN"]
[SourceTitle "EXT 2012"]
[Source "ChessBase"]
[SourceDate "2011.11.24"]
[SourceVersion "1"]
[SourceVersionDate "2011.11.24"]
[SourceQuality "1"]

1. e4 c5 2. Nf3 Nc6 3. d4 cxd4 4. Nxd4 Nf6 5. Nc3 e5 6. Ndb5 d6 7. Bg5 a6 8. Bxf6 gxf6 9. Na3 b5 10. Nd5 Bg7 11. c3 Ne7 12. Nc2 0-0 13. Nce3 Nxd5 14. Nxd5 f5 15. Bd3 Bb7 16. Bc2 fxe4 17. Bxe4 f5 18. Bc2 Kh8 19. Qd2 Bxd5 20. Qxd5 Bh6 21. Rd1 Qg5 22. 0-0 Rg8 23. f4 Qh4 24. fxe5 Bf4 25. Rxf4 Qxf4 26. exd6 Rae8 27. Qd4+ Qxd4+ 28. Rxd4 Re2 29. Bxf5 Rgxg2+ 30. Kf1 Ref2+ 31. Ke1 Rxb2 32. Bh3 Rxh2 33. Bf1 Rb1+ 34. Rd1 Rxd1+ 35. Kxd1 Rh6 36. Kc2 Rxd6 0-1